Normal view
MARC view
- Jewish-Arab relations
Entry Topical Term
001 - CONTROL NUMBER
- control field: 20689
003 - CONTROL NUMBER IDENTIFIER
- control field: OSt
005 - DATE AND TIME OF LATEST TRANSACTION
- control field: 20170505101337.0
008 - FIXED-LENGTH DATA ELEMENTS
- fixed length control field: 170505|| aca||babn | a|a d
040 ## - CATALOGING SOURCE
- Original cataloging agency: OSt
150 ## - HEADING--TOPICAL TERM
- Topical term or geographic name entry element: Jewish-Arab relations
